| 000 | 00638cam a2200229 4500 | ||
|---|---|---|---|
| 001 | J2483 | ||
| 008 | 090401t1978 xxu||||| |||| 00| 0 eng d | ||
| 035 | _a(Sirsi) u49290 | ||
| 041 | _aeng | ||
| 050 | _a333.337 | ||
| 245 | _aRentals & values. - 6th edition (May 1977) - 8th edition (May 1978) | ||
| 260 |
_aLondon _bPortfold Publications Limited _c1977-1978 |
||
| 300 | _a3 pt. in one volume ; 30cn. | ||
| 350 | _a0 | ||
| 650 | _aPROPERTY-COMMERCIAL PROPERTY | ||
| 650 | _aRENT | ||
| 650 | _aRENTAL COMPARISONS | ||
| 650 | _aRENTALS AND VALUES | ||
| 690 | _aPROPERTY-COMMERCIAL PROPERTY | ||
| 942 | _n0 | ||
| 948 | _c04/03/1997 | ||
| 999 |
_c92546 _d92546 |
||